000 00429nam a22001457a 4500
005 20160503092727.0
008 160503b xxu||||| |||| 00| 0 eng d
050 _aBX3747.S146
100 _aSaint Moulin, Leon de
_924274
245 _aHistoire des jesuites
_cby Saint Moulin, Leon de
260 _aKinshasa
_bLessius
_c2016
300 _a136p.;
_c18cm.
650 _aJesuits in Africa
_xHistory
_924275
942 _2lcc
_cMONOGRAPH
999 _c124774
_d124774